Propuesta preliminares de reordenamiento ambiental en la reserva natural El Chocoyero - El Brujo para desarrollar un ecoturismo sustentable en el municipio de Ticuantepe, departamento de Managua
Propuesta preliminar de reordenamiento ambiental en la reserva natural El Chocoyero - El Brujo, para desarrollar un ecoturismo sustentable en el municipio de Ticuantepe, se establece un marco conceptual y metodológico, una caracterización general de la reserva en cuanto a ubicación dentro del mun...
| Main Authors: | , |
|---|---|
| Other Authors: | |
| Format: | Tesis Section = Libro |
| Language: | Undetermined Spanish |
| Published: |
Managua
UNI
2013
|
| Subjects: |
| LEADER | 01280nam a2200241Ia 4500 | ||
|---|---|---|---|
| 008 | 240830s9999 xx 000 0 und d | ||
| 040 | |a BIBLIOTECA-RUSB/ T.Mon 719.3 C268 | ||
| 041 | |a spa | ||
| 082 | |a T.Mon 719.3 C268 | ||
| 100 | 1 | |a Cardoza Espinoza, Jhonton | |
| 100 | 1 | |b Mendieta Jerez, José Arosmán | |
| 245 | 1 | 0 | |a Propuesta preliminares de reordenamiento ambiental en la reserva natural El Chocoyero - El Brujo para desarrollar un ecoturismo sustentable en el municipio de Ticuantepe, departamento de Managua |
| 260 | |a Managua |b UNI |c 2013 | ||
| 300 | |a 132 p. :il. | ||
| 502 | |a Tesis (Arquitecto) - UNI, 2013. | ||
| 520 | 3 | |a Propuesta preliminar de reordenamiento ambiental en la reserva natural El Chocoyero - El Brujo, para desarrollar un ecoturismo sustentable en el municipio de Ticuantepe, se establece un marco conceptual y metodológico, una caracterización general de la reserva en cuanto a ubicación dentro del municipio. | |
| 650 | 7 | |a RESERVA NATURAL - EL CHOCOYERO TICUANTEPE ORDENAMIENTO TERRITORIAL - PLANIFICACION Y DESARROLLO TURISTICO | |
| 650 | 7 | |b PROTECCIÓN DE LA BIOSFERIDAD | |
| 650 | 7 | |c DESARROLLO SOTENIBLE - PROGRAMAS PROEYECTOS | |
| 700 | 1 | |a Tutor: |b Gómez Ortega, Graciela Dionides | |
| 942 | |c BK |2 ddc | ||
| 991 | |a TESIS | ||
| 999 | |c 22027 | ||